| 000 | 01667cab a2200265 4500 | ||
|---|---|---|---|
| 001 | E2050 | ||
| 008 | 090401t1993 xxu||||| |||| 00| 0 eng d | ||
| 035 | _a(Sirsi) u37262 | ||
| 041 | _aeng | ||
| 245 | _aMacdonald v Prentice`s Testamentary Trust and Others | ||
| 260 | _c1993 | ||
| 350 | _a0 | ||
| 490 |
_aSLC _v1993 R 97-125(29) |
||
| 520 | _aSLC Application Lochaber RN 243 - Order of 28 July 1993. The Applicant applied to the Court for a declarator that certain areas of hill grazing formed a common grazing in which she and other crofters had a right to graze and cut peat. The Applicant contended that the area in question constituted a common grazings whilst one of the landlords maintained that the crofters had individual rights of grazing which were pertinents of their crofts. Certain other landlords contended that the crofters` rights amounted only to separate personal licences. The Court, in their decision, considered in detail the difference between a crofter`s right in a common grazing and a crofter;s right of grazing forming a pertinent of his croft. The Court held that the area of ground in question was not a common grazing within the meaning of the Crofters Acts but that the Applicant and the other crofters had individual rights of grazing and cutting peat on the subjects which were deemed to form part of their re | ||
| 650 | _aCOMMON GRAZINGS | ||
| 650 | _aCROFTERS (SCOTLAND) ACT 1955 | ||
| 650 | _aCROFTERS RIGHTS | ||
| 650 | _aCROFTING | ||
| 650 | _aSCOTLAND | ||
| 650 | _aSCOTTISH LAND COURT | ||
| 650 | _aSLC | ||
| 690 | _aLANDLORD AND TENANT-CASE LAW-AGRICULTURAL TENANCIES | ||
| 942 | _n0 | ||
| 948 | _c04/03/1997 | ||
| 999 |
_c24108 _d24108 |
||